The Electrolytic Capacitor (E-BOOK) (Record no. 192585)

000 -LEADER
fixed length control field 00372 a2200145 4500
003 - CONTROL NUMBER IDENTIFIER
control field Nust
005 - DATE AND TIME OF LATEST TRANSACTION
control field 20170207154040.0
040 ## - CATALOGING SOURCE
Transcribing agency Nust
100 ## - MAIN ENTRY--PERSONAL NAME
Personal name M. Georigiev, Alexandr
245 ## - TITLE STATEMENT
Title The Electrolytic Capacitor (E-BOOK)
Statement of responsibility, etc. Alexandr M. Georigiev
260 ## - PUBLICATION, DISTRIBUTION, ETC.
Place of publication, distribution, etc. MURRAY HILL BOOKS, INC.
Name of publisher, distributor, etc. NEW YORK
Date of publication, distribution, etc. 1945
300 ## - PHYSICAL DESCRIPTION
Extent 205 p
650 ## - SUBJECT ADDED ENTRY--TOPICAL TERM
Topical term or geographic name entry element Electrolytic Capacitor
651 ## - SUBJECT ADDED ENTRY--GEOGRAPHIC NAME
Geographic name E-Book
942 ## - ADDED ENTRY ELEMENTS (KOHA)
Source of classification or shelving scheme
Koha item type Book
Holdings
Withdrawn status Lost status Source of classification or shelving scheme Damaged status Not for loan Collection code Permanent Location Current Location Date acquired Total Checkouts Barcode Date last seen Price effective from Koha item type
            Military College of Signals (MCS) Military College of Signals (MCS) 12/12/2016   MCSEB-2098 12/08/2016 12/12/2016 Book
© 2023 Central Library, National University of Sciences and Technology. All Rights Reserved.